| 000 | 00370 a2200157 4500 | ||
|---|---|---|---|
| 001 | 72150 | ||
| 020 | _a | ||
| 040 | _cAnchieta - Colégio São Paulo | ||
| 100 | _aRezende, Nilza | ||
| 240 | 1 | 0 |
_aUma menina, um menino, o amor. _lpor |
| 245 | 1 | 0 | _aUma menina, um menino, o amor. |
| 300 | _a15 | ||
| 362 | 0 | _a1992 | |
| 650 | 4 | _aLiteratura infanto-juvenil | |
| 942 | _cBK | ||
| 999 |
_c72150 _d72150 |
||